[Event "Monteros op 7th"]
[Site "Monteros"]
[Date "2017.08.20"]
[Round "5"]
[White "Martin, Mateo"]
[Black "Padilla, Luis Eduardo"]
[Result "0-1"]
[WhiteElo "1971"]
[BlackElo "1850"]
[PlyCount "102"]
[EventDate "2017.08.19"]
[EventType "swiss"]
[EventRounds "7"]
[EventCountry "ARG"]
[SourceTitle "EXT 2020"]
[Source "ChessBase"]
[SourceDate "2019.10.17"]
[SourceVersion "1"]
[SourceVersionDate "2019.10.17"]
[SourceQuality "1"]

1. e4 e6 2. d4 d5 3. Nd2 Nf6 4. e5 Ne4 5. Bd3 c5 6. c3 cxd4 7. cxd4 f5 8. exf6 Nxf6 9. Ndf3 Bd6 10. Ne2 0-0 11. 0-0 Nc6 12. Bg5 Qe8 13. Ng3 e5 14. dxe5 Nxe5 15. Nxe5 Bxe5 16. Re1 Ng4 17. Be3 Bxg3 18. hxg3 Qh5 19. Bc5 Qh2+ 20. Kf1 Qxg3 21. Qc2 Nh2+ 22. Kg1 Nf3+ 23. Kf1 Nxe1 24. Rxe1 Bh3 25. gxh3 Qxh3+ 26. Ke2 Rac8 27. Bxh7+ Qxh7 28. Qxh7+ Kxh7 29. Bxf8 Rxf8 30. Rc1 Rf7 31. Rc5 Rd7 32. Ke3 d4+ 33. Kd3 Rf7 34. Kxd4 Rxf2 35. Rb5 Rf7 36. a4 Kh6 37. a5 g5 38. Rb3 g4 39. Rg3 Kg5 40. Ke3 Rf5 41. a6 b6 42. Ke2 Ra5 43. Kf2 Rxa6 44. Rb3 Kh4 45. Kg2 Ra5 46. Rb4 Rc5 47. Kf2 Kh3 48. Rb3+ Kh2 49. Rb4 g3+ 50. Kf3 Kh3 51. Rf4 Rc1 0-1

[Event "ARG-ch sf"]
[Site "La Banda"]
[Date "2017.01.14"]
[Round "2"]
[White "Herrera, Fernando"]
[Black "Martin, Mateo"]
[Result "0-1"]
[WhiteElo "2016"]
[BlackElo "1954"]
[PlyCount "62"]
[EventDate "2017.01.14"]
[EventType "swiss"]
[EventRounds "6"]
[EventCountry "ARG"]
[SourceTitle "CBM 176 Extra"]
[Source "ChessBase"]
[SourceDate "2017.03.02"]
[SourceVersion "1"]
[SourceVersionDate "2017.03.02"]
[SourceQuality "1"]

1. d4 d5 2. c4 c6 3. Nf3 Nf6 4. Nc3 e6 5. Bg5 h6 6. Bf4 dxc4 7. a4 Bb4 8. e3 Nd5 9. Bxc4 Nxc3 10. bxc3 Bxc3+ 11. Ke2 Bxa1 12. Qxa1 0-0 13. g4 Nd7 14. g5 h5 15. Rg1 Nb6 16. Bb3 Nd5 17. Be5 Qb6 18. Bc2 Nb4 19. Be4 Qa6+ 20. Kd2 Nd5 21. Rc1 Qa5+ 22. Ke2 b5 23. Qa3 b4 24. Qb3 Nc3+ 25. Rxc3 bxc3 26. Bxc6 Ba6+ 27. Kd1 Rac8 28. Bb5 Bxb5 29. axb5 c2+ 30. Ke2 Qa1 31. Ne1 Qd1+ 0-1

[Event "Buenos Aires Guimard Memorial 4th"]
[Site "Buenos Aires"]
[Date "2016.10.09"]
[Round "5"]
[White "Robledo, Cristian"]
[Black "Martin, Mateo"]
[Result "1-0"]
[WhiteElo "2155"]
[BlackElo "1930"]
[PlyCount "87"]
[EventDate "2016.10.08"]
[EventType "swiss"]
[EventRounds "7"]
[EventCountry "ARG"]
[SourceTitle "CBM 175 Extra"]
[Source "ChessBase"]
[SourceDate "2016.12.12"]
[SourceVersion "1"]
[SourceVersionDate "2016.12.12"]
[SourceQuality "1"]

1. e4 e6 2. d4 d5 3. Nc3 Nf6 4. e5 Nfd7 5. f4 c5 6. Nf3 Nc6 7. Be3 cxd4 8. Nxd4 Be7 9. Qd2 0-0 10. 0-0-0 a6 11. g4 Nxd4 12. Bxd4 b5 13. Qf2 Qc7 14. Kb1 Bc5 15. h4 Bb7 16. h5 Rac8 17. Rd2 b4 18. Nd1 f6 19. h6 g6 20. exf6 Rxf6 21. f5 Bxd4 22. Qxd4 Qc5 23. fxe6 Qxd4 24. Rxd4 Rxe6 25. Rxb4 Re1 26. Bg2 Rxh1 27. Bxh1 Bc6 28. Rd4 Nf6 29. b3 Re8 30. c4 Re1 31. Bxd5+ Bxd5 32. cxd5 Kf7 33. Kb2 Nxg4 34. Rxg4 Rxd1 35. Ra4 Rxd5 36. Rxa6 g5 37. a4 g4 38. Ra7+ Kg6 39. Rg7+ Kh5 40. Rxh7 Rg5 41. Rh8 Kh4 42. h7 Rh5 43. a5 g3 44. a6 1-0

[Event "Nicandro Memorial U2200 3rd"]
[Site "Santiago del Estero"]
[Date "2014.11.02"]
[Round "4.4"]
[White "Martin, Mateo"]
[Black "Rodriguez, Luis Jose Lucio"]
[Result "1-0"]
[WhiteElo "1911"]
[BlackElo "1992"]
[PlyCount "144"]
[EventDate "2014.11.01"]
[EventType "swiss"]
[EventRounds "6"]
[EventCountry "ARG"]
[SourceTitle "EXT 2024"]
[Source "ChessBase"]
[SourceDate "2023.10.10"]
[SourceVersion "1"]
[SourceVersionDate "2023.10.10"]
[SourceQuality "1"]

1. d4 Nf6 2. c4 g6 3. Nc3 d5 4. cxd5 Nxd5 5. e4 Nxc3 6. bxc3 Bg7 7. Bc4 c5 8. Ne2 cxd4 9. cxd4 Nc6 10. Be3 b5 11. Bd5 Bd7 12. Rc1 Rc8 13. 0-0 a6 14. e5 0-0 15. f4 e6 16. Bf3 Ne7 17. Nc3 Bc6 18. Ne4 Nf5 19. Bf2 h5 20. Rxc6 Rxc6 21. Nf6+ Bxf6 22. Bxc6 Be7 23. Be4 Qd7 24. Bxf5 exf5 25. d5 Rc8 26. Qd2 Rc4 27. Rd1 Qc8 28. d6 Bd8 29. g3 a5 30. Qd5 b4 31. Qb5 Qc6 32. Qxc6 Rxc6 33. Rd5 Rc1+ 34. Kg2 Rc2 35. Rb5 Kf8 36. Rb7 Ke8 37. Kf3 Rc4 38. Ra7 Rc3+ 39. Kg2 Rc2 40. Rb7 Rxa2 41. Kf3 Rc2 42. Bd4 Rc4 43. Ke3 Rc6 44. Ba7 Rc2 45. Kd4 Rxh2 46. Bc5 Rd2+ 47. Kc4 g5 48. Kb5 Rd5 49. Kc6 Rxc5+ 50. Kxc5 gxf4 51. gxf4 h4 52. e6 fxe6 53. Kc6 Bf6 54. d7+ Kf8 55. Kd6 h3 56. Kxe6 Bh4 57. Rb8+ Kg7 58. Rc8 a4 59. Rc2 b3 60. Rh2 Bd8 61. Rb2 h2 62. Rxh2 a3 63. Rg2+ Kf8 64. Rg5 b2 65. Rxf5+ Kg8 66. Rg5+ Kh7 67. Kf7 Kh6 68. Rg8 Kh5 69. Rxd8 b1Q 70. Rh8+ Kg4 71. d8Q Qb3+ 72. Ke8 Qb5+ 1-0

[Event "Nicandro Memorial U2200 3rd"]
[Site "Santiago del Estero"]
[Date "2014.11.01"]
[Round "3.3"]
[White "Garnier, Rene Augusto"]
[Black "Martin, Mateo"]
[Result "1/2-1/2"]
[WhiteElo "2110"]
[BlackElo "1911"]
[PlyCount "102"]
[EventDate "2014.11.01"]
[EventType "swiss"]
[EventRounds "6"]
[EventCountry "ARG"]
[SourceTitle "EXT 2024"]
[Source "ChessBase"]
[SourceDate "2023.10.10"]
[SourceVersion "1"]
[SourceVersionDate "2023.10.10"]
[SourceQuality "1"]

1. Nf3 d5 2. c4 c6 3. e3 e6 4. Nc3 f5 5. Be2 Nf6 6. 0-0 Bd6 7. d4 Nbd7 8. Qc2 0-0 9. cxd5 cxd5 10. Bd2 Ne4 11. Nb5 Bb8 12. Rac1 Nxd2 13. Nxd2 f4 14. exf4 Bxf4 15. Nc7 Bxc7 16. Qxc7 Qxc7 17. Rxc7 e5 18. Bb5 Rd8 19. dxe5 Nxe5 20. Re1 Ng6 21. Nf3 a6 22. Be8 Bf5 23. Bxg6 Bxg6 24. Ree7 d4 25. Rxg7+ Kh8 26. h4 d3 27. h5 Bf5 28. g4 Rg8 29. h6 Bg6 30. Ne5 Rxg7 31. hxg7+ Kg8 32. Nxg6 hxg6 33. Rd7 Rc8 34. Rxd3 Rc2 35. Rb3 b5 36. Kg2 Kxg7 37. Kg3 Kf6 38. f4 Ke6 39. Ra3 Rc6 40. Kh4 Kd5 41. Kg5 Ke4 42. Rc3 Rd6 43. Rc5 Kd4 44. Rc1 Ke3 45. f5 gxf5 46. gxf5 Rd2 47. Rb1 Kd3 48. f6 Rg2+ 49. Kh6 Rf2 50. Rd1+ Kc2 51. Rd6 a5 1/2-1/2